000
00341nam a2200145Ia 4500
008
191201s2012 xx 000 0 und d
082
_a
658.4038
_b
OBM
100
_a
OBRIEN,James A
245
0
_a
Management Information System
250
_a
Rep
260
_a
N. delhi
_b
TMH
_c
2012
300
_a
831
650
_a
M.Tech (ME)
942
_2
ddc
_c
BK
999
_c
5234
_d
5234